000 00964nam a2200241Ia 4500
003 OSt
005 20250801104929.0
008 191128t2008 sp er 000 j spa d
020 _a9788496580336
040 _aCO-JMCR
_cCO-JMCR
041 _aspa
082 _aA-C
_bKAWh
100 1 _aKawabata, Yasunari,
_d1923-1963
_99729
245 0 _aHistorias de la palma de la mano /
_cYasunari Kawabata ; traducción Amalia Sato
250 _aPrimera edición
260 _aBarcelona :
_bPlaneta,
_c©2008
300 _a308 páginas ;
_c22 cm.
500 _aIncluye biografía del autor en solapa.
520 _aLa presente edición es una selección de setenta de estos relatos, a través de los cuales vulve a sumergirnos en una atmósfera en al que conviene la soledad, el amor y la muerte. Historia de la palama de la mano contiene toda la escencia de la obra de uno
650 1 4 _aCuento
_93530
700 _aSato, Amalia,
_etraductora
_99730
942 _2ddc
_cBK
999 _c3498
_d3498